Notizie storico-biografiche intorno al conte Baldassare Castiglione con documenti inediti. (Record no. 34862)
[ view plain ]
| 000 -LEADER | |
|---|---|
| fixed length control field | 00934cam a22002291 4500 |
| 001 - CONTROL NUMBER | |
| control field | it 01000267 |
| 003 - CONTROL NUMBER IDENTIFIER | |
| control field | DLC |
| 005 - DATE AND TIME OF LATEST TRANSACTION | |
| control field | 20260227111518.0 |
| 008 - FIXED-LENGTH DATA ELEMENTS--GENERAL INFORMATION | |
| fixed length control field | 801208s1890 it 000 0 ita |
| 010 ## - LIBRARY OF CONGRESS CONTROL NUMBER | |
| LC control number | it 01000267 |
| 035 ## - SYSTEM CONTROL NUMBER | |
| System control number | (OCoLC)7013257 |
| 040 ## - CATALOGING SOURCE | |
| Original cataloging agency | DLC |
| Transcribing agency | FU |
| Modifying agency | FU |
| -- | DLC |
| 042 ## - AUTHENTICATION CODE | |
| Authentication code | premarc |
| 050 00 - LIBRARY OF CONGRESS CALL NUMBER | |
| Classification number | AS222 |
| Item number | .F5 no. 19 |
| 100 1# - MAIN ENTRY--PERSONAL NAME | |
| Personal name | Martinati, Camillo, |
| Dates associated with a name | 1863- |
| 245 10 - TITLE STATEMENT | |
| Title | Notizie storico-biografiche intorno al conte Baldassare Castiglione con documenti inediti. |
| Statement of responsibility, etc. | Studio dell dott. Camillo Martinati. |
| 260 ## - PUBLICATION, DISTRIBUTION, ETC. | |
| Place of publication, distribution, etc. | Firenze, |
| Name of publisher, distributor, etc. | Coi tipi dei successori Le Monnier, |
| Date of publication, distribution, etc. | 1890. |
| 300 ## - PHYSICAL DESCRIPTION | |
| Extent | 91 p. |
| Dimensions | 28 cm. |
| 490 0# - SERIES STATEMENT | |
| Series statement | Pubblicazioni del R. Istituto di studi superiori pratici e di perfezionamento in Firenze. Sezione di filosofia e filologia. [no. 19] |
| 500 ## - GENERAL NOTE | |
| General note | At head of title: R. Istituto di studi superiori pratici e di perfezionamento in Firenze. |
| 600 10 - SUBJECT ADDED ENTRY--PERSONAL NAME | |
| Personal name | Castiglione, Baldassarre, |
| Titles and other words associated with a name | conte, |
| Dates associated with a name | 1478-1529. |
No items available.